| 000 | 00000nam 2200000za 4500 |
| 001 | 9.811276 |
| 003 | CaOODSP |
| 005 | 20221107141042 |
| 007 | cr ||||||||||| |
| 008 | 160215s1984 onca|||fo f001 0 eng d |
| 020 | |z0-660-11482-8 |
| 040 | |aCaOODSP|beng |
| 043 | |an-cn--- |
| 086 | 1 |aA42-42/1984-12E-PDF|zA42-42/1984-12E |
| 100 | 1 |aYoshimoto, Carl M. |
| 245 | 14|aThe families and subfamilies of Canadian Chalcidoid wasps |h[electronic resource] : |bHymenoptera: Chalcidoidea / |cCarl M. Yoshimoto. |
| 260 | |aOttawa : |bResearch Branch, Agriculture Canada, |c1984. |
| 300 | |a149 p. : |bill. |
| 490 | 1 |aThe insects and arachnids of Canada ; |vpart 12 |
| 504 | |aIncludes bibliographic references and index. |
| 510 | 0 |aCanadian cataloguing in publication data printed in this publication. |
| 546 | |aIncludes some text in French. |
| 692 | 07|2gccst|aInsects |
| 710 | 1 |aCanada.|bAgriculture Canada.|bResearch Branch. |
| 776 | 0#|tThe families and subfamilies of Canadian Chalcidoid wasps (Hymenoptera: Chalcidoidea) / |w(CaOODSP)9.616566 |
| 830 | #0|aThe insects and arachnids of Canada ;|vpt. 12|w(CaOODSP)9.811273 |
| 856 | 40|qPDF|s6.44 MB|uhttps://publications.gc.ca/collections/collection_2016/aac-aafc/agrhist/A42-42-1984-12-eng.pdf |
| 986 | |aPublication 1760 |